000 00673nam a2200277Ia 4500
005 20260324115911.0
008 008 260324s9999 xx 000 0 eng d
020 _a9781315369990
037 _aEBOOK
040 _aCRL
040 _beng
040 _cCRL
041 _2eng
041 _aeng
084 _qCRL
100 _aGeorge M. Cole; Donald A. Wilson
_91156441
245 0 _aLand Tenure, Boundary Surveys, and Cadastral Systems
260 _bTaylor and Francis
260 _c2016
365 _a
365 _b305
856 _uhttp://www.taylorfrancis.com/books/9781315369990
942 _cEBOOK
999 _c1747667
_d1747667